Mamma Teresa (Record n. 104185)
[ formato base ]
| 000 -LEADER | |
|---|---|
| fixed length control field | 00919nam a22001817a 4500 |
| 003 - CONTROL NUMBER IDENTIFIER | |
| control field | IT-RoPau |
| 005 - DATE AND TIME OF LATEST TRANSACTION | |
| control field | 20220918181218.0 |
| 008 - FIXED-LENGTH DATA ELEMENTS--GENERAL INFORMATION | |
| fixed length control field | 131203b xxu||||| |||| 00| 0 eng d |
| 040 ## - CATALOGING SOURCE | |
| Transcribing agency | IT-RoPau |
| 100 ## - MAIN ENTRY--PERSONAL NAME | |
| Personal name | Ferrero, G. Mauro |
| 9 (RLIN) | 335 |
| 245 ## - TITLE STATEMENT | |
| Title | Mamma Teresa |
| Remainder of title | Woman of Deep Faith |
| 250 ## - EDITION STATEMENT | |
| Edition statement | I |
| 260 ## - PUBLICATION, DISTRIBUTION, ETC. (IMPRINT) | |
| Place of publication, distribution, etc. | Bandra (Mumbai) |
| Name of publisher, distributor, etc. | St. Pauls |
| Date of publication, distribution, etc. | 2003 |
| 300 ## - PHYSICAL DESCRIPTION | |
| Extent | 87 pp. |
| Dimensions | 21,5 cm |
| 490 ## - SERIES STATEMENT | |
| Series statement | St. Pauls |
| 521 ## - TARGET AUDIENCE NOTE | |
| Target audience note | Contents<br/><br/>Foreward<br/>Introduction<br/>List of Abbreviations<br/>1. Mother-in-waiting<br/>2. The Family<br/>3. From the Cradle to...<br/>4. Mother of the "Juvenals"<br/>5. Peasant and Housewife<br/>6. Woman of Prayer<br/>7. Blow and Kiss to Mary!<br/>8. Say a Word to Jesus<br/>9. Mother-Educator<br/>10. A Room for James<br/>11. A Woman of Strenght and Valour<br/>12. Patience Personified<br/>13. Widohood to Grandmotherhood<br/>14. The Woman behind the Founder<br/>15. Ever in Love with Life<br/>16. "My Mother Was a Saint"<br/>17. Mamma's Proverbs <br/> <br/> |
| 942 ## - ADDED ENTRY ELEMENTS (KOHA) | |
| Source of classification or shelving scheme | Dewey Decimal Classification |
| Koha item type | LIBRO |
| Withdrawn status | Lost status | Source of classification or shelving scheme | Damaged status | Not for loan | Home library | Current library | Date acquired | Total Checkouts | Full call number | Date last seen | Price effective from | Koha item type |
|---|---|---|---|---|---|---|---|---|---|---|---|---|
| Dewey Decimal Classification | Buone Condizioni | Not For Loan | PAULUS-BIBLIOTECA | PAULUS-BIBLIOTECA | 03/12/2013 | P B2 | 03/12/2013 | 03/12/2013 | LIBRO |